Nominale Determination Im Bulgarischen und Mazedonischen.

This series Dissertations in Language and Cognition explores issues of mental representation, linguistic structure and representation, and their interplay. The research presented in this series is grounded in the idea explored in the Collaborative Research Center The structure of representations in...

Full description

Bibliographic Details
Main Author: Sachliyan, Syuzan.
Format: eBook
Language:German
Published: Düsseldorf : Walter de Gruyter GmbH, 2020.
Edition:1st ed.
Series:Dissertations in Language and Cognition Series
Subjects:
Online Access:Click to View
LEADER 02299nam a22003853i 4500
001 EBC6567520
003 MiAaPQ
005 20231204023216.0
006 m o d |
007 cr cnu||||||||
008 231204s2020 xx o ||||0 ger d
020 |a 9783110708158  |q (electronic bk.) 
035 |a (MiAaPQ)EBC6567520 
035 |a (Au-PeEL)EBL6567520 
035 |a (OCoLC)1249473895 
040 |a MiAaPQ  |b eng  |e rda  |e pn  |c MiAaPQ  |d MiAaPQ 
100 1 |a Sachliyan, Syuzan. 
245 1 0 |a Nominale Determination Im Bulgarischen und Mazedonischen. 
250 |a 1st ed. 
264 1 |a Düsseldorf :  |b Walter de Gruyter GmbH,  |c 2020. 
264 4 |c {copy}2021. 
300 |a 1 online resource (152 pages) 
336 |a text  |b txt  |2 rdacontent 
337 |a computer  |b c  |2 rdamedia 
338 |a online resource  |b cr  |2 rdacarrier 
490 1 |a Dissertations in Language and Cognition Series ;  |v v.7 
505 0 |a Intro -- Danksagung -- Inhalt -- Abbildungsverzeichnis -- Tabellenverzeichnis -- Abkürzungsverzeichnis -- 1. Einleitung -- 2. Theoretische Grundlagen -- 3. Nominale Determination im Bulgarischen -- 4. Nominale Determination im Mazedonischen -- 5. Schlusswort -- Literaturverzeichnis. 
520 |a This series Dissertations in Language and Cognition explores issues of mental representation, linguistic structure and representation, and their interplay. The research presented in this series is grounded in the idea explored in the Collaborative Research Center The structure of representations in language, cognition and science (SFB 991) that there is a universal format for the representation of linguistic and cognitive concepts. 
588 |a Description based on publisher supplied metadata and other sources. 
590 |a Electronic reproduction. Ann Arbor, Michigan : ProQuest Ebook Central, 2023. Available via World Wide Web. Access may be limited to ProQuest Ebook Central affiliated libraries.  
655 4 |a Electronic books. 
776 0 8 |i Print version:  |a Sachliyan, Syuzan  |t Nominale Determination Im Bulgarischen und Mazedonischen  |d Düsseldorf : Walter de Gruyter GmbH,c2020 
797 2 |a ProQuest (Firm) 
830 0 |a Dissertations in Language and Cognition Series 
856 4 0 |u https://ebookcentral.proquest.com/lib/matrademy/detail.action?docID=6567520  |z Click to View